Guess 8 turkish footballers by image - Statistics

General Stats
  • This quiz has been taken 222 times
  • The average score is 6 of 8
Answer Stats
Picture Answer % Correct
Hakan Calhanoglu
97%
Arda Turan
91%
Çağlar Söyüncü
82%
Merih Demiral
81%
Hamit Altıntop
66%
Burak Yilmaz
65%
Hakan Sukur
63%
Emre Belozoglu
55%
No matching quizzes found
Score Distribution
Percent of People with Each Score
Percentile by Number Answered
Your Score History
You have not taken this quiz